京成電鉄の乗降客数ランキング - Statistics

General Stats
  • This quiz has been taken 12 times
  • The average score is 31 of 69
Answer Stats
順位 路線 Answer % Correct
1位 押上線 押上
100%
2位 複数路線 京成高砂
100%
3位 本線 日暮里
89%
4位 本線 京成船橋
89%
5位 複数路線 京成津田沼
89%
6位 複数路線 青砥
89%
8位 本線 京成上野
89%
10位 複数路線 京成成田
78%
15 押上線 京成立石
78%
19 金町線 京成金町
78%
7位 本線 勝田台
67%
13 複数路線 成田空港
67%
17 千葉線 京成千葉
67%
40 金町線 柴又
67%
11 複数路線 空港第2ビル
67%
9位 本線 八千代台
56%
12 本線 京成八幡
56%
23 押上線 京成曳舟
56%
27 押上線 四ツ木
56%
64 本線 宗吾参道
56%
66 東成田線 東成田
56%
67 成田空港線 成田湯川
56%
68 成田空港線 印旛日本医大
56%
69 本線 大佐倉
56%
14 本線 京成大久保
44%
22 複数路線 千葉中央
44%
32 千葉線 京成幕張本郷
44%
34 押上線 八広
44%
41 千葉線 みどり台
44%
42 千葉線 京成幕張
44%
43 千葉線 京成稲毛
44%
49 千原線 ちはら台
44%
52 千原線 学園前
44%
54 千原線 おゆみ野
44%
55 成田空港線 新鎌ヶ谷
44%
56 成田空港線 東松戸
44%
57 千原線 千葉寺
44%
58 成田空港線 千葉ニュータウン中央
44%
60 千葉線 検見川
44%
62 千原線 大森台
44%
63 千葉線 西登戸
44%
65 千葉線 新千葉
44%
16 本線 お花茶屋
22%
18 本線 実籾
22%
20 本線 京成関屋
22%
21 本線 堀切菖蒲園
22%
24 本線 町屋
22%
25 本線 ユーカリが丘
22%
26 本線 船橋競馬場
22%
28 本線 京成小岩
22%
29 本線 京成臼井
22%
30 本線 千住大橋
22%
31 本線 京成佐倉
22%
33 本線 公津の杜
22%
35 本線 志津
22%
36 本線 京成大和田
22%
37 本線 国府台
22%
38 本線 京成西船
22%
39 本線 谷津
22%
44 本線 東中山
22%
45 本線 市川真間
22%
46 本線 京成酒々井
22%
47 本線 江戸川
22%
48 本線 海神
22%
50 本線 新三河島
22%
51 本線 鬼越
22%
53 本線 大神宮下
22%
59 本線 菅野
22%
61 本線 京成中山
22%
No matching quizzes found
Score Distribution
Percent of People with Each Score
Percentile by Number Answered
Your Score History
You have not taken this quiz